UM Logo

In the national interest / (Record no. 4360)

MARC details
000 -LEADER
fixed length control field 00735cam a2200253 i 4500
001 - CONTROL NUMBER
control field 359501
003 - CONTROL NUMBER IDENTIFIER
control field OSt
005 - DATE AND TIME OF LATEST TRANSACTION
control field 20160905181825.0
008 - FIXED-LENGTH DATA ELEMENTS--GENERAL INFORMATION
fixed length control field 770617s1977 nyu 000 1 eng
010 ## - LIBRARY OF CONGRESS CONTROL NUMBER
LC control number 77022828
020 ## - INTERNATIONAL STANDARD BOOK NUMBER
International Standard Book Number 0-671-22656-8
040 ## - CATALOGING SOURCE
Original cataloging agency DLC
Transcribing agency DLC
Modifying agency DLC
-- DLC
050 00 - LIBRARY OF CONGRESS CALL NUMBER
Classification number PZ4.K1438
Item number In
Classification number PS3561.A4163
082 00 - DEWEY DECIMAL CLASSIFICATION NUMBER
Classification number DFic
Edition number 1977
Item number K12
100 1# - MAIN ENTRY--PERSONAL NAME
Personal name Kalb, Marvin L.
245 10 - TITLE STATEMENT
Title In the national interest /
Statement of responsibility, etc. Marvin Kalb, Ted Koppel.
260 ## - PUBLICATION, DISTRIBUTION, ETC. (IMPRINT)
Place of publication, distribution, etc. New York :
Name of publisher, distributor, etc. Simon and Schuster,
Date of publication, distribution, etc. c1977.
300 ## - PHYSICAL DESCRIPTION
Extent 371 pages ;
Dimensions 23 cm.
650 #0 - SUBJECT ADDED ENTRY--TOPICAL TERM
Topical term or geographic name as entry element Fiction
9 (RLIN) 14144
655 #7 - INDEX TERM--GENRE/FORM
Genre/form data or focus term Political fiction.
Source of term lcsh
700 1# - ADDED ENTRY--PERSONAL NAME
Personal name Koppel, Ted,
Dates associated with a name 1940 February 8-
906 ## - LOCAL DATA ELEMENT F, LDF (RLIN)
a 7
b cbc
c orignew
d 1
e ocip
f 19
g y-gencatlg
942 ## - ADDED ENTRY ELEMENTS (KOHA)
Source of classification or shelving scheme Dewey Decimal Classification
Koha item type Fiction
Holdings
Withdrawn status Lost status Source of classification or shelving scheme Damaged status Not for loan Collection code Home library Current library Date acquired Total Checkouts Full call number Barcode Date last seen Price effective from Koha item type
    Dewey Decimal Classification     Fiction UM Digos College - LIC UM Digos College - LIC 03/25/2009   DFic K12 1977 20320 05/15/2025 09/05/2016 Fiction